Normal view
MARC view
Entry Geographic Name
001 - CONTROL NUMBER
- control field: 28032
003 - CONTROL NUMBER IDENTIFIER
- control field: OSt
005 - DATE AND TIME OF LATEST TRANSACTION
- control field: 20230714150754.0
008 - FIXED-LENGTH DATA ELEMENTS
- fixed length control field: 230714|| aca||aabn | a|a d
040 ## - CATALOGING SOURCE
- Original cataloging agency: OSt
- Transcribing agency: OSt
151 ## - HEADING--GEOGRAPHIC NAME
- Geographic name: မြန်မာနိုင်ငံ
- General subdivision: တပ်မတော်သမိုင်း။
670 ## - SOURCE DATA FOUND
- Source citation: Work cat.: (OSt): ဘုန်းကျော်၊ နတ်မောက်။ 17722, ရှေးခေတ်မြန်မာ့တပ်မတော်မှတ်စုများ /, ၁၉၆၇။